000 00213nam a2200097Ia 4500
008 240331s9999 xx 000 0 und d
082 _bIMA
100 _aImayavaramban,
245 0 _aMarxiam sila kelvikal
942 _cL
999 _c3595
_d3595